<?xml version="1.0" encoding="UTF-8"?>
<record
    xmlns:xsi="http://www.w3.org/2001/XMLSchema-instance"
    xsi:schemaLocation="http://www.loc.gov/MARC21/slim http://www.loc.gov/standards/marcxml/schema/MARC21slim.xsd"
    xmlns="http://www.loc.gov/MARC21/slim">

  <leader>02241nas a2200301Ia 4500</leader>
  <controlfield tag="001">R053-S9170</controlfield>
  <controlfield tag="003">IT-CnALBA</controlfield>
  <controlfield tag="008">170116c99999999xx ||||||||||||   ||und||</controlfield>
  <datafield tag="040" ind1=" " ind2=" ">
    <subfield code="a">IT-CnALBA</subfield>
    <subfield code="c">IT-CnALBA</subfield>
  </datafield>
  <datafield tag="041" ind1=" " ind2=" ">
    <subfield code="a">ITALIANO </subfield>
  </datafield>
  <datafield tag="100" ind1=" " ind2=" ">
    <subfield code="a">Cattaneo Francesco </subfield>
  </datafield>
  <datafield tag="210" ind1=" " ind2=" ">
    <subfield code="a">CINEFORUM</subfield>
  </datafield>
  <datafield tag="222" ind1=" " ind2=" ">
    <subfield code="a">CINEFORUM</subfield>
  </datafield>
  <datafield tag="245" ind1=" " ind2="0">
    <subfield code="a">Cineforum 403. Dicembre 2003. Rivista di cultura cinematografica. Sommario. Overlook High Scool.'</subfield>
  </datafield>
  <datafield tag="250" ind1=" " ind2=" ">
    <subfield code="a">1a ed.</subfield>
  </datafield>
  <datafield tag="260" ind1=" " ind2=" ">
    <subfield code="a"> BERGAMO</subfield>
    <subfield code="b">Federazione Italiana Cineforum </subfield>
    <subfield code="c">2003 [1&#xB0; Ed.:2003 - Ed.Ling.Originale: 2003]</subfield>
  </datafield>
  <datafield tag="300" ind1=" " ind2=" ">
    <subfield code="a">96 p. </subfield>
  </datafield>
  <datafield tag="310" ind1=" " ind2=" ">
    <subfield code="a">MENSILE</subfield>
  </datafield>
  <datafield tag="362" ind1=" " ind2=" ">
    <subfield code="a">Fascicolo: 11 /  (2003)</subfield>
  </datafield>
  <datafield tag="500" ind1=" " ind2=" ">
    <subfield code="a">Framenti di nulla. L'elefante ottuso. La morte corre sul fiume, Pillardi A. L'ombra del passato. Comuzio E. East wood sinfonnico. Schede. F. Tassi, Dogville di Lars von Trier. Costantino Jonny, Zatoichi di Kitano Takeschi, Comuzio E. Anjthing Else di Woody Allen. Etc... Filmese, Cattaneo Fr. Malavasi L. Mancino H.G... Mio cognato, Matrix Rivolutions. Ora o mai PI&#xD9;. Il guanto affilato e la lama insozzata. Festival e Rassegne. Tivutargets. Le lune del cinema. Libri. Speciali elephant e mystic river, Gli horror seriali cinetelevisivi. Von Trier, Olmi. Coen. Kitano, Tarantino, Allen, Bertolucci, Scorsese, Zvyagintsev, Ozom. Viri''. Mereu.      '</subfield>
  </datafield>
  <datafield tag="501" ind1=" " ind2=" ">
    <subfield code="a">Societ&#xE0; San Paolo EM - Piazza San Paolo, 14 - 12051 ALBA (CN)  (non commercial uses only) &#xAE; Copyright 2017</subfield>
  </datafield>
  <datafield tag="520" ind1=" " ind2=" ">
    <subfield code="a">Framenti di nulla. L'elefante ottuso. La morte corre sul fiume, Pillardi A. L'ombra del passato. Comuzio E. East wood sinfonnico. Schede. F. Tassi, Dogville di Lars von Trier. Costantino Jonny, Zatoichi di Kitano Takeschi, Comuzio E. Anjthing Else di Woody Allen. Etc... Filmese, Cattaneo Fr. Malavasi L. Mancino H.G... Mio cognato, Matrix Rivolutions. Ora o mai PI&#xD9;. Il guanto affilato e la lama insozzata. Festival e Rassegne. Tivutargets. Le lune del cinema. Libri. Speciali elephant e mystic river, Gli horror seriali cinetelevisivi. Von Trier, Olmi. Coen. Kitano, Tarantino, Allen, Bertolucci, Scorsese, Zvyagintsev, Ozom. Viri''. Mereu.      '</subfield>
  </datafield>
  <datafield tag="650" ind1=" " ind2=" ">
    <subfield code="a">ARTI RICREATIVE E DELLO SPETTACOLO</subfield>
  </datafield>
  <datafield tag="700" ind1=" " ind2=" ">
    <subfield code="a">Autori vari</subfield>
  </datafield>
  <datafield tag="700" ind1=" " ind2=" ">
    <subfield code="a">La Polla Franco </subfield>
  </datafield>
  <datafield tag="942" ind1=" " ind2=" ">
    <subfield code="c">CR</subfield>
  </datafield>
  <datafield tag="957" ind1=" " ind2=" ">
    <subfield code="7">1</subfield>
  </datafield>
  <datafield tag="999" ind1=" " ind2=" ">
    <subfield code="a">79815</subfield>
    <subfield code="b">NO</subfield>
    <subfield code="g">1</subfield>
    <subfield code="c">336232</subfield>
    <subfield code="d">336232</subfield>
  </datafield>
  <datafield tag="952" ind1=" " ind2=" ">
    <subfield code="0">0</subfield>
    <subfield code="1">0</subfield>
    <subfield code="4">0</subfield>
    <subfield code="6">R_053S9170</subfield>
    <subfield code="7">1</subfield>
    <subfield code="a">ALBA</subfield>
    <subfield code="b">ALBA</subfield>
    <subfield code="d">2017-01-16</subfield>
    <subfield code="l">0</subfield>
    <subfield code="o">R053-S9170</subfield>
    <subfield code="r">2017-01-16 00:00:00</subfield>
    <subfield code="w">2017-01-16</subfield>
    <subfield code="y">CR</subfield>
    <subfield code="z">(data import: 16 gennaio 2017) - By Epidotti, Vaglietti. </subfield>
  </datafield>
</record>
